000 01609nam a22002417a 4500
008 230907s2023 ||||| ||||o00| 0 eng d
110 _96315
_aDepartment for Levelling Up, Housing and Communities
245 _aUnderstanding and addressing the health risks of damp and mould in the home
260 _bDepartment for Levelling Up, Housing and Communities,
_c7 September 2023
520 _aThe consolidated guidance sets out the: health risks of damp and mould; actions that can be taken by social and private rented landlords and their workforce to address and reduce the risk of damp and mould in their homes It may also be of interest to health and social care professionals, owner-occupiers and tenants. The report delivers on the government’s commitment in response to the Coroner’s ‘Prevention of future deaths’ report following the death of 2-year-old Awaab Ishak from a severe respiratory condition due to prolonged exposure to mould in his home.
520 _aApplies to England
650 _aBUILDING DEFECTS
650 _aDAMP
650 _aHEALTH AND SAFETY
650 _aLANDLORD AND TENANT
650 _aMOULD
650 _aSOCIAL HOUSING
651 _aEngland
690 _96244
_aHealth and safety
690 _96223
_aBuilding materials & defects
710 _96315
_aDepartment for Levelling Up, Housing and Communities
856 _uhttps://www.gov.uk/government/publications/damp-and-mould-understanding-and-addressing-the-health-risks-for-rented-housing-providers/understanding-and-addressing-the-health-risks-of-damp-and-mould-in-the-home--2
_zAvailable on .gov.uk
999 _c121657
_d121657